|
|
|
|
| LEADER |
00000nab a2200000 a 4500 |
| 001 |
vtls010609075 |
| 003 |
SK-MaSNL |
| 005 |
20260305031637.0 |
| 008 |
140709 2013 xo q 000 0 slo |
| 038 |
|
|
|a PPPK
|
| 040 |
|
|
|a PPPKCL
|b slo
|c PPPK
|e AACR2
|
| 041 |
0 |
|
|a slo
|
| 044 |
|
|
|a xo
|c SK
|
| 080 |
|
|
|a 72/76.092
|x (512.317)
|2 2001
|
| 100 |
1 |
|
|a Kubalová, Janette
|4 aut
|9 1609960
|
| 245 |
1 |
0 |
|a ZUŠ Spišská Belá a jej medzinárodný úspech: International Children Painting Competition in Hong Kong
|c Janette Kubalová, učiteľka ZUŠ
|
| 300 |
|
|
|b Fotogr.
|
| 610 |
2 |
7 |
|a Základná umelecká škola (Spišská Belá, Slovensko)
|2 pppkcl
|9 1293452
|
| 611 |
2 |
7 |
|a International Children Painting Competition
|g súťaž
|n (1. :
|d 2014 :
|c Hongkong, Čína)
|2 pppkcl
|9 1609961
|
| 650 |
0 |
7 |
|a výtvarné súťaže
|2 pppkcl
|9 2910
|
| 651 |
|
7 |
|a Hongkong (Čína)
|2 pppkcl
|9 15580
|
| 651 |
|
7 |
|a Spišská Belá (Slovensko)
|2 pppkcl
|9 16198
|
| 651 |
|
7 |
|a Kežmarok (Slovensko : okres)
|2 pppkcl
|9 51824
|
| 773 |
0 |
|
|t Spišskobeliansky spravodaj
|g Roč. 11, č. 9 (2013), s. 9
|
| 852 |
|
|
|a PPPK
|b KIS3GCP
|
| 999 |
|
|
|c 3316913
|d 3318843
|